000 00296nam a22001337a 4500
008 181019b xxu||||| |||| 00| 0 eng d
020 _a9781402040450
041 _aeng
080 _a371
100 _a46
101 _aEDU
245 _aFrom Research to Manuscript
_cKatz,M.J
942 _2udc
_cBK
999 _c50254
_d50254